000 00358nam a2200133Ia 4500
008 100328s9999 xx 000 0 und d
082 _b66194
100 _aजाधव प्रल्हाद.
245 _aरानभूल.
260 _bग्रंथाली.
630 _aरानभूल.
730 _aरानभूल.
942 _cBOOK
999 _c551938
_d551935